000 00267nam a2200121 a 4500
008 100920s1977|||| d
100 1 _aEzerová, Regina
245 1 0 _aPlánka
260 _bObzor
_aBratislava
_c1977
020 _c16
044 _axo
_cSK
041 _aslo
999 _c10512
_d10512